[Event "Cap d'Agde CCAS op"]
[Site "Cap d'Agde"]
[Date "2010.10.23"]
[Round "1"]
[White "Blot, David"]
[Black "Zerbib, Claude"]
[Result "1-0"]
[WhiteElo "2040"]
[BlackElo "1860"]
[PlyCount "83"]
[EventDate "2010.10.23"]
[EventType "swiss"]
[EventRounds "7"]
[EventCountry "FRA"]
[SourceTitle "EXT 2012"]
[Source "ChessBase"]
[SourceDate "2011.11.24"]
[SourceVersion "1"]
[SourceVersionDate "2011.11.24"]
[SourceQuality "1"]

1. e4 d6 2. d4 Nf6 3. Nc3 Nbd7 4. Nf3 e5 5. Bc4 Be7 6. 0-0 0-0 7. Re1 c6 8. a4 a5 9. b3 Qc7 10. Bd3 exd4 11. Nxd4 Ne5 12. Nce2 d5 13. exd5 Nxd3 14. Qxd3 Nxd5 15. Ng3 Nb4 16. Qe4 Bf6 17. Nh5 Qd6 18. Nxf6+ Qxf6 19. c3 Bd7 20. Bf4 Nd5 21. Be5 Qh6 22. Qf3 Rfe8 23. Bg3 Qd2 24. Rec1 Nxc3 25. h3 Ne2+ 26. Nxe2 Qxe2 27. Qc3 Qh5 28. Bc7 Re2 29. Re1 Rxe1+ 30. Rxe1 Be6 31. Re3 Qd5 32. Rf3 g6 33. Bf4 c5 34. Be5 c4 35. Bh8 Kf8 36. Qg7+ Ke7 37. bxc4 Qd1+ 38. Kh2 Rxh8 39. Qxh8 Qxa4 40. Rd3 Bxc4 41. Qd8+ Ke6 42. Rd6+ 1-0

[Event "Paris-ch op-A"]
[Site "Paris"]
[Date "2010.07.10"]
[Round "8"]
[White "Campbell, Ian"]
[Black "Blot, David"]
[Result "1/2-1/2"]
[WhiteElo "1984"]
[BlackElo "2044"]
[PlyCount "74"]
[EventDate "2010.07.03"]
[EventType "swiss"]
[EventRounds "9"]
[EventCountry "FRA"]
[SourceTitle "CBM 137 Extra"]
[Source "ChessBase"]
[SourceDate "2010.09.01"]
[SourceVersion "1"]
[SourceVersionDate "2010.09.01"]
[SourceQuality "1"]

1. d4 Nf6 2. Nf3 g6 3. e3 Bg7 4. c4 0-0 5. Nc3 c5 6. Be2 cxd4 7. Nxd4 d5 8. 0-0 dxc4 9. Bxc4 a6 10. a4 Qc7 11. Qe2 e5 12. Nb3 Nc6 13. Bd2 e4 14. Rfc1 Bg4 15. Qf1 Rad8 16. Be1 Bf5 17. Be2 h5 18. Nd2 Qb8 19. f3 exf3 20. Nxf3 Rfe8 21. Rd1 Rxe3 22. Rxd8+ Qxd8 23. Rd1 Qc8 24. Bf2 Re8 25. h3 Ne4 26. Nxe4 Rxe4 27. b3 Re8 28. Bc4 Ne5 29. Nxe5 Bxe5 30. Rc1 Qd8 31. Rd1 Qg5 32. Kh1 Be4 33. Bxf7+ Kxf7 34. Qc4+ Kg7 35. Qxe4 Qe7 36. Bd4 Bxd4 37. Qxd4+ Kh7 1/2-1/2

[Event "Paris-ch op-A"]
[Site "Paris"]
[Date "2010.07.06"]
[Round "4"]
[White "Aguirre, Simon"]
[Black "Blot, David"]
[Result "1-0"]
[WhiteElo "2290"]
[BlackElo "2044"]
[PlyCount "101"]
[EventDate "2010.07.03"]
[EventType "swiss"]
[EventRounds "9"]
[EventCountry "FRA"]
[SourceTitle "CBM 137 Extra"]
[Source "ChessBase"]
[SourceDate "2010.09.01"]
[SourceVersion "1"]
[SourceVersionDate "2010.09.01"]
[SourceQuality "1"]

1. d4 Nf6 2. Nf3 g6 3. c4 Bg7 4. g3 0-0 5. Bg2 d6 6. 0-0 Nbd7 7. Nc3 e5 8. e4 exd4 9. Nxd4 Re8 10. h3 c6 11. Re1 a5 12. Qc2 Nc5 13. Bf4 Nfd7 14. Nb3 a4 15. Nxc5 Nxc5 16. Rad1 Qa5 17. Bxd6 a3 18. Bxc5 Qxc5 19. b3 b5 20. Nb1 Be6 21. Bf1 Reb8 22. Nd2 Ra7 23. Kg2 Rd7 24. Rc1 Rbd8 25. Nb1 Qh5 26. h4 Bg4 27. Be2 Bb2 28. f3 Be6 29. Rcd1 Qc5 30. Rxd7 Rxd7 31. Rd1 Rxd1 32. Qxd1 Qe3 33. Qd2 Qb6 34. h5 gxh5 35. Qg5+ Kh8 36. Nd2 Qd4 37. e5 Bc1 38. Qf6+ Kg8 39. Ne4 Qe3 40. Qd8+ Kg7 41. Bd3 Qe1 42. Qf6+ Kg8 43. f4 Bh3+ 44. Kh2 Bg4 45. Qd8+ Kg7 46. Qg5+ Kf8 47. Qh6+ Ke8 48. Qxc6+ Kf8 49. Qh6+ Ke8 50. c5 Qb4 51. Nf6+ 1-0

[Event "Montigny le Bretonneux Noel op 11th"]
[Site "Montigny le Bretonneux"]
[Date "2008.12.26"]
[Round "1"]
[White "Branson, James"]
[Black "Blot, David"]
[Result "0-1"]
[WhiteElo "1748"]
[BlackElo "1999"]
[PlyCount "110"]
[EventDate "2008.12.26"]
[EventType "swiss"]
[EventRounds "7"]
[EventCountry "FRA"]
[SourceTitle "EXT 2010"]
[Source "ChessBase"]
[SourceDate "2010.11.25"]
[SourceVersion "1"]
[SourceVersionDate "2010.11.25"]
[SourceQuality "1"]

1. e4 d6 2. f4 Nf6 3. Nc3 g6 4. Nf3 Bg7 5. Bc4 c6 6. d3 0-0 7. Be3 b5 8. Bb3 Nbd7 9. h4 Ng4 10. Bd2 Nc5 11. h5 Nxb3 12. axb3 e5 13. Qe2 a5 14. g3 d5 15. Nd1 Re8 16. hxg6 hxg6 17. fxe5 dxe4 18. dxe4 Nxe5 19. Nxe5 Bxe5 20. Qh2 Qd4 21. Qh7+ Kf8 22. Bh6+ Ke7 23. Bg5+ Bf6 24. Bxf6+ Qxf6 25. Rf1 Rh8 26. Rxf6 Rxh7 27. Rxc6 Rh1+ 28. Kf2 Bg4 29. Rc3 Rxd1 30. Rxd1 Bxd1 31. Ke1 Bg4 32. Re3 Rc8 33. c3 Rd8 34. c4 bxc4 35. bxc4 Rd1+ 36. Kf2 Rd2+ 37. Ke1 Rxb2 38. Ra3 Rb4 39. Rxa5 Rxc4 40. e5 Re4+ 41. Kf2 Ke6 42. Ra7 Rxe5 43. Ra4 f5 44. Ra6+ Kf7 45. Ra7+ Kf6 46. Ra6+ Re6 47. Ra2 Kg5 48. Rb2 Bd1 49. Rd2 Ba4 50. Ra2 Bc6 51. Rc2 Be4 52. Rb2 Kg4 53. Rd2 Rc6 54. Rd1 Rc2+ 55. Ke3 Kxg3 0-1

[Event "Montigny le Bretonneux Noel op 10th"]
[Site "Montigny le Bretonneux"]
[Date "2007.11.01"]
[Round "6"]
[White "Forissier, Nicolas"]
[Black "Blot, David"]
[Result "1-0"]
[WhiteElo "1930"]
[BlackElo "2033"]
[PlyCount "53"]
[EventDate "2007.12.26"]
[EventType "swiss"]
[EventRounds "7"]
[EventCountry "FRA"]
[SourceTitle "EXT 2008"]
[Source "ChessBase"]
[SourceDate "2007.11.25"]
[SourceVersion "1"]
[SourceVersionDate "2007.11.25"]
[SourceQuality "1"]

1. d4 Nf6 2. c4 g6 3. Nc3 Bg7 4. e4 d6 5. f3 0-0 6. Be3 e5 7. d5 c6 8. Qd2 cxd5 9. cxd5 a6 10. Bd3 Nh5 11. Nge2 f5 12. 0-0-0 b5 13. Kb1 Nd7 14. exf5 gxf5 15. Bg5 Qe8 16. g4 fxg4 17. fxg4 Nhf6 18. Ng3 Nc5 19. Nf5 Nxd3 20. Nxg7 Qg6 21. Nf5 Bxf5 22. gxf5 Qxf5 23. Qxd3 e4 24. Qg3 Kh8 25. Rhf1 Qg6 26. Bxf6+ Rxf6 27. Qxg6 1-0

[Event "Elancourt op 10th"]
[Site "Elancourt"]
[Date "2007.04.15"]
[Round "2"]
[White "Costa, Pierre Jean"]
[Black "Blot, David"]
[Result "0-1"]
[WhiteElo "1953"]
[BlackElo "2057"]
[PlyCount "46"]
[EventDate "2007.04.14"]
[EventType "swiss"]
[EventRounds "9"]
[EventCountry "FRA"]
[SourceTitle "CBM 118 Extra"]
[Source "ChessBase"]
[SourceDate "2007.07.04"]
[SourceVersion "1"]
[SourceVersionDate "2007.07.04"]
[SourceQuality "1"]

1. e4 d6 2. d4 Nf6 3. Nc3 g6 4. Nf3 Bg7 5. h3 c6 6. Bd3 0-0 7. 0-0 Nbd7 8. Be3 e5 9. Qd2 Re8 10. Rad1 Qc7 11. a3 exd4 12. Bxd4 Ne5 13. Nxe5 dxe5 14. Be3 Be6 15. Bh6 Rad8 16. Bg5 Rd7 17. Qe3 a5 18. f4 exf4 19. Bxf4 Qc8 20. Bh6 Ng4 21. Qf3 Nxh6 22. Na4 b5 23. Nc3 Qc7 0-1

[Event "Elancourt op"]
[Site "Elancourt"]
[Date "2006.04.18"]
[Round "4"]
[White "Blot, David"]
[Black "Duval, Dominique"]
[Result "1/2-1/2"]
[WhiteElo "1982"]
[BlackElo "1846"]
[PlyCount "69"]
[EventDate "2006.04.16"]
[EventType "swiss"]
[EventRounds "9"]
[EventCountry "FRA"]
[SourceTitle "CBM 111 Extra"]
[Source "ChessBase"]
[SourceDate "2006.05.09"]
[SourceVersion "1"]
[SourceVersionDate "2006.05.09"]
[SourceQuality "1"]

1. e4 g6 2. d4 Bg7 3. Nc3 d6 4. Bg5 h6 5. Bh4 Nd7 6. Qd2 c5 7. dxc5 Nxc5 8. 0-0-0 Bd7 9. f4 Nf6 10. e5 Nfe4 11. Nxe4 Nxe4 12. Qb4 Bc6 13. Nf3 a5 14. Qe1 Qb6 15. Nd4 Rc8 16. Bb5 d5 17. Nxc6 bxc6 18. Rxd5 cxb5 19. Qxe4 Rc4 20. Qd3 0-0 21. Bxe7 Rfc8 22. Rd8+ Rxd8 23. Qxd8+ Qxd8 24. Bxd8 Rxf4 25. Bxa5 Bxe5 26. Bd2 Rf2 27. Bxh6 Rxg2 28. h4 Bf6 29. Be3 Rg4 30. h5 Bg5 31. Bxg5 Rxg5 32. hxg6 fxg6 33. Kd2 Rg2+ 34. Kc3 g5 35. b4 1/2-1/2

[Event "Elancourt op"]
[Site "Elancourt"]
[Date "2006.04.17"]
[Round "2"]
[White "Laurent, Jerome"]
[Black "Blot, David"]
[Result "0-1"]
[WhiteElo "1840"]
[BlackElo "1982"]
[PlyCount "68"]
[EventDate "2006.04.16"]
[EventType "swiss"]
[EventRounds "9"]
[EventCountry "FRA"]
[SourceTitle "CBM 111 Extra"]
[Source "ChessBase"]
[SourceDate "2006.05.09"]
[SourceVersion "1"]
[SourceVersionDate "2006.05.09"]
[SourceQuality "1"]

1. d4 Nf6 2. Nf3 g6 3. e3 Bg7 4. Be2 0-0 5. 0-0 d5 6. c4 c6 7. cxd5 cxd5 8. Nc3 Nc6 9. b3 Bf5 10. Bd3 e6 11. Bb2 Re8 12. Re1 a6 13. e4 dxe4 14. Nxe4 Nxe4 15. Bxe4 Bxe4 16. Rxe4 Qd5 17. Re2 Red8 18. Rc2 Nxd4 19. Bxd4 Bxd4 20. Nxd4 Qxd4 21. Qe1 Rd7 22. Rac1 Rad8 23. Kf1 Qf4 24. h3 Qh2 25. f3 Rd5 26. Qe3 Qd6 27. Qc3 Qg3 28. Qe1 Qd6 29. Qc3 Rd1+ 30. Ke2 Rd3 31. Qb2 Qg3 32. Kf1 Rd1+ 33. Rxd1 Rxd1+ 34. Ke2 Qe1# 0-1

[Event "Montigny le Bretonneux Noel op 08th"]
[Site "Montigny le Bretonneux"]
[Date "2005.12.30"]
[Round "6"]
[White "Blot, David"]
[Black "Claisse, Patrick"]
[Result "1/2-1/2"]
[WhiteElo "1936"]
[BlackElo "1992"]
[PlyCount "37"]
[EventDate "2005.12.26"]
[EventType "swiss"]
[EventRounds "7"]
[EventCountry "FRA"]
[SourceTitle "CBM 110 Extra"]
[Source "ChessBase"]
[SourceDate "2006.03.10"]
[SourceVersion "2"]
[SourceVersionDate "2006.03.10"]
[SourceQuality "1"]

1. e4 c5 2. c3 d5 3. exd5 Qxd5 4. d4 Nc6 5. Nf3 Nf6 6. Be2 e6 7. Na3 Qd8 8. Nc2 Be7 9. 0-0 0-0 10. Bg5 cxd4 11. Ncxd4 Bd7 12. Qb3 Qc7 13. Rad1 a6 14. Rfe1 e5 15. Nxc6 Bxc6 16. Nd2 Ne4 17. Nxe4 Bxe4 18. Bxe7 Qxe7 19. Bf1 1/2-1/2

[Event "Montigny le Bretonneux Noel op 08th"]
[Site "Montigny le Bretonneux"]
[Date "2005.12.28"]
[Round "4"]
[White "Blot, David"]
[Black "Branson, James"]
[Result "1/2-1/2"]
[WhiteElo "1936"]
[BlackElo "1750"]
[PlyCount "95"]
[EventDate "2005.12.26"]
[EventType "swiss"]
[EventRounds "7"]
[EventCountry "FRA"]
[SourceTitle "CBM 110 Extra"]
[Source "ChessBase"]
[SourceDate "2006.03.10"]
[SourceVersion "2"]
[SourceVersionDate "2006.03.10"]
[SourceQuality "1"]

1. e4 e5 2. Nf3 Nc6 3. d4 exd4 4. Bc4 Be7 5. c3 d3 6. Qb3 Na5 7. Bxf7+ Kf8 8. Qa4 c6 9. Bxg8 Kxg8 10. Qd4 b6 11. Qxd3 Nb7 12. 0-0 d5 13. exd5 Nc5 14. Qe2 Ba6 15. c4 cxd5 16. Re1 Bf6 17. Nbd2 dxc4 18. Nxc4 Qd3 19. Qxd3 Nxd3 20. Re4 Bxc4 21. Rxc4 Nxb2 22. Bxb2 Bxb2 23. Rd1 h6 24. h3 Kh7 25. Rd7 Rhd8 26. Rb7 Rd1+ 27. Kh2 Rc1 28. Ra4 Rc5 29. Raxa7 Rxa7 30. Rxa7 b5 31. Nd2 b4 32. Ne4 Rc4 33. Nd2 Rc2 34. Ne4 Be5+ 35. g3 Bd4 36. Ra4 Bc3 37. Kg2 Rb2 38. Nxc3 bxc3 39. Rc4 c2 40. a4 Ra2 41. a5 h5 42. a6 Kh6 43. a7 Rxa7 44. Rxc2 Rf7 45. Rc6+ g6 46. Rc4 Rf6 47. Rf4 Ra6 48. Rf8 1/2-1/2

[Event "FRA-ch op-B"]
[Site "Chartres"]
[Date "2005.08.23"]
[Round "7"]
[White "Mestdagh, Franck"]
[Black "Blot, David"]
[Result "1/2-1/2"]
[WhiteElo "1924"]
[BlackElo "1992"]
[PlyCount "57"]
[EventDate "2005.08.15"]
[EventType "swiss"]
[EventRounds "11"]
[EventCountry "FRA"]
[SourceTitle "EXT 2006"]
[Source "ChessBase"]
[SourceDate "2005.11.24"]
[SourceVersion "1"]
[SourceVersionDate "2005.11.24"]
[SourceQuality "1"]

1. d4 Nf6 2. Nf3 g6 3. c4 Bg7 4. Nc3 0-0 5. e4 d6 6. Be2 e5 7. dxe5 dxe5 8. Qxd8 Rxd8 9. Nd5 Nxd5 10. cxd5 c6 11. Bc4 cxd5 12. Bxd5 Na6 13. Bg5 Rd7 14. Ke2 h6 15. Bd2 Nc7 16. Bc4 b5 17. Bd3 Bb7 18. Rhc1 f5 19. Ba5 Rc8 20. Nd2 Ne6 21. Rxc8+ Bxc8 22. Rc1 Bb7 23. g3 Nd4+ 24. Kf1 a6 25. Bb1 Nc6 26. Nb3 Nxa5 27. Nxa5 Bxe4 28. Bxe4 fxe4 29. Nb3 1/2-1/2